[Event "IECC KO-1081"]
[Site "IECC email"]
[Date "2011.09.14"]
[Round "?"]
[White "Philips, Justin"]
[Black "Johnson, Aaron"]
[Result "1-0"]
[WhiteElo "1638"]
[BlackElo "1187"]
[PlyCount "51"]
[EventDate "2011.??.??"]
[EventType "match (corr)"]
[EventRounds "2"]
[SourceTitle "Telechess CBM 165"]
[Source "ChessBase"]
[SourceDate "2015.03.11"]
[SourceVersion "1"]
[SourceVersionDate "2015.03.11"]
[SourceQuality "1"]
[WhiteTeam "India"]
[BlackTeam "US of America"]
[WhiteTeamCountry "IND"]
[BlackTeamCountry "USA"]

1. Nf3 Nf6 2. g3 d5 3. d4 Nc6 4. Bg2 e6 5. 0-0 Be7 6. Nc3 0-0 7. Re1 Bb4 8. a3 Bxc3 9. bxc3 Re8 10. c4 dxc4 11. e4 h6 12. c3 b6 13. Qe2 Ba6 14. a4 Qe7 15. Ba3 Qd7 16. Bh3 Nh5 17. d5 Na5 18. Ne5 Qd8 19. dxe6 fxe6 20. Qxh5 Qf6 21. Rad1 Red8 22. Rxd8+ Rxd8 23. Re3 Bc8 24. Rf3 Qg5 25. Qf7+ Kh8 26. Be7 1-0

[Event "IECC CL7-2008.08 email"]
[Site "IECC email"]
[Date "2009.01.09"]
[Round "?"]
[White "Vincent, Ronald"]
[Black "Johnson, Aaron"]
[Result "0-1"]
[WhiteElo "1170"]
[BlackElo "1018"]
[PlyCount "46"]
[EventDate "2008.??.??"]
[EventType "tourn (corr)"]
[EventRounds "4"]
[SourceTitle "Corr 2011"]
[Source "ChessBase"]
[SourceDate "2010.08.31"]
[SourceVersion "1"]
[SourceVersionDate "2010.08.31"]
[SourceQuality "1"]
[WhiteTeam "US of America"]
[BlackTeam "US of America"]
[WhiteTeamCountry "USA"]
[BlackTeamCountry "USA"]

1. d4 d5 2. Nf3 Nf6 3. Bf4 Nc6 4. e3 Nh5 5. c4 Bf5 6. Nc3 e6 7. Be2 Bb4 8. 0-0 Nxf4 9. exf4 0-0 10. Ne5 Nxe5 11. fxe5 dxc4 12. Bxc4 Qg5 13. h3 Bxh3 14. Qf3 Bf5 15. Ne4 Qh4 16. Bd3 Rad8 17. a3 Ba5 18. Nc5 Bxd3 19. Nxd3 Qxd4 20. Rad1 c6 21. Nf4 Bd2 22. Ne2 Qxe5 23. Qf4 Bxf4 0-1

[Event "IECC P-4282"]
[Site "IECC email"]
[Date "2007.01.26"]
[Round "?"]
[White "Suriani, Cristiano"]
[Black "Johnson, Aaron"]
[Result "0-1"]
[WhiteElo "919"]
[BlackElo "809"]
[PlyCount "50"]
[EventDate "2007.??.??"]
[EventType "tourn (corr)"]
[EventRounds "1"]
[SourceTitle "Corr 2008"]
[Source "ChessBase"]
[SourceDate "2008.06.24"]
[SourceVersion "1"]
[SourceVersionDate "2008.06.24"]
[SourceQuality "1"]
[WhiteTeam "Italy"]
[BlackTeam "US of America"]
[WhiteTeamCountry "ITA"]
[BlackTeamCountry "USA"]

1. e4 e5 2. Nf3 Nc6 3. Bb5 Nf6 4. Nc3 Bb4 5. 0-0 0-0 6. d3 h6 7. h3 d6 8. Bd2 Bd7 9. a3 Bc5 10. Bc4 Nd4 11. Be3 Nxf3+ 12. Qxf3 Bxe3 13. Qxe3 b5 14. Nxb5 Bxb5 15. Bxb5 Rb8 16. c4 c5 17. b4 Qb6 18. a4 cxb4 19. Qxb6 axb6 20. Rab1 Nh5 21. Rxb4 Nf4 22. Re1 Nxd3 23. Rd1 Nxb4 24. Rxd6 Rfd8 25. Rxd8+ Rxd8 0-1

[Event "P-4107"]
[Site "IECC email"]
[Date "2006.03.05"]
[Round "?"]
[White "Johnson, Aaron"]
[Black "Barnes, Tim"]
[Result "0-1"]
[WhiteElo "829"]
[BlackElo "979"]
[PlyCount "79"]
[EventDate "2006.??.??"]
[EventType "tourn (corr)"]
[SourceTitle "Corr 2020"]
[Source "ChessBase"]
[SourceDate "2019.09.30"]
[SourceVersion "1"]
[SourceVersionDate "2019.09.30"]
[SourceQuality "1"]
[WhiteTeam "United States"]
[BlackTeam "United States"]
[WhiteTeamCountry "USA"]
[BlackTeamCountry "USA"]

1. e4 e5 2. d4 exd4 3. Qxd4 Nc6 4. Qe3 Nf6 5. Nc3 Bb4 6. Bd2 0-0 7. 0-0-0 b6 8. Nf3 Bb7 9. e5 Ng4 10. Qe2 Na5 11. Bg5 f6 12. exf6 Nxf6 13. Qe3 Qe8 14. Qxe8 Rfxe8 15. Nb5 Bd6 16. Nxd6 cxd6 17. Rxd6 Ne4 18. Rxd7 Nxf2 19. Rg1 Rab8 20. Bb5 Bc6 21. Bxc6 Nxc6 22. Re1 Rxe1+ 23. Nxe1 Re8 24. Bd2 Rc8 25. Bc3 Rd8 26. Rxg7+ Kf8 27. b3 Rd1+ 28. Kb2 Ne4 29. Nd3 Nxc3 30. Rc7 Nd4 31. Kxc3 Nb5+ 32. Kc4 Nxc7 33. Kb4 Rd2 34. Kc3 Rxg2 35. Nb4 h5 36. Nc6 a5 37. a4 Rg4 38. Ne5 Nd5+ 39. Kd3 Nb4+ 40. Kc3 0-1

[Event "IECC P-4046"]
[Site "IECC email"]
[Date "2005.11.28"]
[Round "?"]
[White "Johnson, Aaron"]
[Black "Ramieri, Paolo"]
[Result "0-1"]
[WhiteElo "849"]
[BlackElo "1066"]
[PlyCount "58"]
[EventDate "2005.??.??"]
[EventType "tourn (corr)"]
[EventRounds "1"]
[SourceTitle "Corr 2008"]
[Source "ChessBase"]
[SourceDate "2008.06.24"]
[SourceVersion "1"]
[SourceVersionDate "2008.06.24"]
[SourceQuality "1"]

1. e4 e5 2. d4 exd4 3. Qxd4 Nc6 4. Qe3 Nf6 5. Nc3 Bb4 6. Bd2 0-0 7. 0-0-0 Re8 8. f3 d5 9. Bb5 d4 10. Qd3 Ne5 11. Qe2 c6 12. Bc4 b5 13. Bb3 dxc3 14. Bxc3 Qa5 15. Nh3 Bxc3 16. bxc3 Qxc3 17. Ng5 Qa1+ 18. Kd2 Rd8+ 19. Ke1 Qc3+ 20. Rd2 Ba6 21. Kf2 Rxd2 22. Qxd2 Qxd2+ 23. Kg3 Qxg5+ 24. Kf2 Qd2+ 25. Kg3 h5 26. h4 Rd8 27. Rg1 Ng6 28. e5 Qf4+ 29. Kh3 Qxh4# 0-1

[Event "IECC CL8-2005.04 email"]
[Site "IECC email"]
[Date "2005.05.16"]
[Round "?"]
[White "Johnson, Aaron"]
[Black "Ballueder, Volker"]
[Result "0-1"]
[WhiteElo "873"]
[BlackElo "948"]
[PlyCount "40"]
[EventDate "2005.??.??"]
[EventType "tourn (corr)"]
[EventRounds "4"]
[SourceTitle "Corr 2020"]
[Source "ChessBase"]
[SourceDate "2019.09.30"]
[SourceVersion "1"]
[SourceVersionDate "2019.09.30"]
[SourceQuality "1"]
[WhiteTeam "United States"]
[BlackTeam "England"]
[WhiteTeamCountry "USA"]
[BlackTeamCountry "ENG"]

1. e4 e5 2. d4 exd4 3. Qxd4 Nc6 4. Qe3 Nf6 5. Nc3 Bb4 6. Bd2 0-0 7. 0-0-0 d6 8. f3 h6 9. Nge2 b6 10. Nd4 Bb7 11. Nxc6 Bxc6 12. e5 dxe5 13. Qxe5 Bd6 14. Qf5 Bd7 15. Qd3 Re8 16. Nd5 a6 17. Re1 Bb5 18. Nxf6+ Qxf6 19. Bc3 Qf4+ 20. Bd2 Rxe1# 0-1

[Event "IECC KO-1050"]
[Site "IECC email"]
[Date "2004.11.05"]
[Round "?"]
[White "Mottershead, Richard"]
[Black "Johnson, Aaron"]
[Result "1-0"]
[WhiteElo "1027"]
[BlackElo "859"]
[PlyCount "57"]
[EventDate "2004.??.??"]
[EventType "match (corr)"]
[EventRounds "2"]
[SourceTitle "Corr 2020"]
[Source "ChessBase"]
[SourceDate "2019.09.30"]
[SourceVersion "1"]
[SourceVersionDate "2019.09.30"]
[SourceQuality "1"]
[WhiteTeam "England"]
[BlackTeam "United States"]
[WhiteTeamCountry "ENG"]
[BlackTeamCountry "USA"]

1. e4 e5 2. f4 Bc5 3. Nf3 Nc6 4. Bc4 h6 5. Nc3 exf4 6. d4 Bb6 7. Bxf4 d6 8. h3 Nf6 9. d5 Na5 10. Be2 Nh5 11. Bh2 Bd7 12. b4 Qe7 13. bxa5 Bxa5 14. Qd3 0-0-0 15. 0-0 Bxc3 16. Qxc3 Nf6 17. Bd3 Nxe4 18. Qd4 Bf5 19. Nd2 Qg5 20. Nxe4 Qg6 21. Nxd6+ Rxd6 22. Bxf5+ Qxf5 23. Rxf5 f6 24. Bxd6 cxd6 25. Qxa7 Kc7 26. Rb1 Rb8 27. Rf3 g5 28. Qb6+ Kc8 29. Qxd6 1-0

[Event "IECC KO-2045"]
[Site "IECC email"]
[Date "2003.09.22"]
[Round "?"]
[White "Johnson, Aaron"]
[Black "Lopriore, Nunzio"]
[Result "0-1"]
[WhiteElo "876"]
[BlackElo "1307"]
[PlyCount "56"]
[EventDate "2003.??.??"]
[EventType "match (corr)"]
[EventRounds "2"]
[SourceTitle "Corr 2020"]
[Source "ChessBase"]
[SourceDate "2019.09.30"]
[SourceVersion "1"]
[SourceVersionDate "2019.09.30"]
[SourceQuality "1"]
[WhiteTeam "United States"]
[BlackTeam "Italy"]
[WhiteTeamCountry "USA"]
[BlackTeamCountry "ITA"]

1. e4 c6 2. d4 d5 3. Nc3 dxe4 4. Nxe4 Bf5 5. Bd3 e6 6. Bf4 Nd7 7. Nf3 Ngf6 8. Nd6+ Bxd6 9. Bxd6 Bxd3 10. Qxd3 Qa5+ 11. c3 Qd5 12. Bg3 Nc5 13. Qc2 Nce4 14. 0-0 Nxg3 15. hxg3 0-0 16. Rad1 Qxa2 17. Ra1 Qd5 18. Rfe1 Rfc8 19. Re5 Qd6 20. Ng5 c5 21. Rae1 cxd4 22. Qd3 Rd8 23. Ne4 Qxe5 24. Nxf6+ Qxf6 25. Re4 dxc3 26. Qc2 Rd2 27. Qa4 Qxf2+ 28. Kh1 Qxg2# 0-1

[Event "CFriend SL-2003-0-00003 email"]
[Site "Chessfriend.com"]
[Date "2003.02.06"]
[Round "?"]
[White "Anderson, Michael"]
[Black "Johnson, Aaron"]
[Result "1-0"]
[WhiteElo "1452"]
[BlackElo "650"]
[PlyCount "47"]
[EventDate "2003.02.06"]
[EventType "tourn (corr)"]
[EventRounds "12"]
[SourceTitle "Corr 2008"]
[Source "ChessBase"]
[SourceDate "2008.06.24"]
[SourceVersion "1"]
[SourceVersionDate "2008.06.24"]
[SourceQuality "1"]

1. e4 e5 2. Nf3 Nc6 3. d4 exd4 4. Nxd4 Nxd4 5. Qxd4 d6 6. Nc3 Nf6 7. Bg5 Be7 8. 0-0-0 0-0 9. Bc4 Ng4 10. Bxe7 Qxe7 11. f3 c5 12. Qxd6 Qg5+ 13. Qd2 Qxd2+ 14. Rxd2 Ne3 15. Bb3 Be6 16. Nd5 Bxd5 17. Bxd5 Rad8 18. Bxb7 Rd4 19. Rxd4 cxd4 20. g4 a5 21. h4 Rd8 22. h5 d3 23. cxd3 Rxd3 24. Ba6 1-0

[Event "CFriend SL-2003-0-00003 email"]
[Site "Chessfriend.com"]
[Date "2003.02.06"]
[Round "?"]
[White "Just, Bent"]
[Black "Johnson, Aaron"]
[Result "1-0"]
[WhiteElo "1480"]
[BlackElo "650"]
[PlyCount "37"]
[EventDate "2003.02.06"]
[EventType "tourn (corr)"]
[EventRounds "12"]
[SourceTitle "Corr 2008"]
[Source "ChessBase"]
[SourceDate "2008.06.24"]
[SourceVersion "1"]
[SourceVersionDate "2008.06.24"]
[SourceQuality "1"]

1. Nc3 d5 2. e4 e6 3. Nf3 Nf6 4. e5 Ne4 5. Be2 Bc5 6. 0-0 0-0 7. Na4 b6 8. Nxc5 Nxc5 9. b4 Na4 10. Bb5 Bd7 11. c4 Qe8 12. Qxa4 a6 13. Bxd7 Nxd7 14. Qc6 Nxe5 15. Nxe5 Qxc6 16. Nxc6 dxc4 17. Re1 Rfe8 18. Re4 b5 19. a4 1-0

[Event "CFriend SL-2003-0-00003 email"]
[Site "Chessfriend.com"]
[Date "2003.02.06"]
[Round "1"]
[White "Mueller, Klaus"]
[Black "Johnson, Aaron"]
[Result "1-0"]
[WhiteElo "1323"]
[BlackElo "603"]
[PlyCount "29"]
[EventDate "2003.02.06"]
[EventType "tourn (corr)"]
[EventRounds "12"]
[SourceTitle "Corr 2024"]
[Source "ChessBase"]
[SourceDate "2023.10.19"]
[SourceVersion "1"]
[SourceVersionDate "2023.10.19"]
[SourceQuality "1"]

1. e4 e5 2. Nf3 d6 3. d4 Nf6 4. dxe5 Nxe4 5. Qd5 c6 6. Qxe4 d5 7. Qd4 c5 8. Qa4+ Bd7 9. Qf4 Be7 10. c4 0-0 11. cxd5 f6 12. d6 fxe5 13. dxe7 Rxf4 14. exd8Q+ Rf8 15. Bc4+ 1-0